Eduncle UGC-NET (Record no. 369745)
[ view plain ]
| 000 -LEADER | |
|---|---|
| fixed length control field | 00326nam a22001217a 4500 |
| 003 - CONTROL NUMBER IDENTIFIER | |
| control field | OSt |
| 005 - DATE AND TIME OF LATEST TRANSACTION | |
| control field | 20260107164225.0 |
| 008 - FIXED-LENGTH DATA ELEMENTS--GENERAL INFORMATION | |
| fixed length control field | 260107b |||||||| |||| 00| 0 eng d |
| 245 ## - TITLE STATEMENT | |
| Title | Eduncle UGC-NET |
| Remainder of title | Computer Science& Application II(Unit-6,7,9,10,11) |
| 260 ## - PUBLICATION, DISTRIBUTION, ETC. (IMPRINT) | |
| Place of publication, distribution, etc. | Rajasthan |
| Name of publisher, distributor, etc. | Eduncle |
| Date of publication, distribution, etc. | 2018 |
| 300 ## - PHYSICAL DESCRIPTION | |
| Extent | 460pp |
| 942 ## - ADDED ENTRY ELEMENTS (KOHA) | |
| Source of classification or shelving scheme | Dewey Decimal Classification |
| Koha item type | Books |
| Withdrawn status | Lost status | Source of classification or shelving scheme | Damaged status | Not for loan | Home library | Current library | Date acquired | Total Checkouts | Barcode | Date last seen | Bill Date | Koha item type | Original Barcode |
|---|---|---|---|---|---|---|---|---|---|---|---|---|---|
| Dewey Decimal Classification | MKSSS s K.B. Joshi Institute of Information Technology Library | MKSSS s K.B. Joshi Institute of Information Technology Library | 07/01/2026 | KBJP-D-600 | 07/01/2026 | 07/01/2026 | Books | 600 | |||||
| Dewey Decimal Classification | MKSSS s K.B. Joshi Institute of Information Technology Library | MKSSS s K.B. Joshi Institute of Information Technology Library | 07/01/2026 | KBJP-D-601 | 07/01/2026 | 07/01/2026 | Books | 601 |